| 000 | 01021nam a22002297a 4500 | ||
|---|---|---|---|
| 005 | 20240530110445.0 | ||
| 008 | 150427s1998 ua abkog 00| 0 ara d | ||
| 017 |
_81997/14286 _aمصر . دار الكتب المصرية |
||
| 020 | _a9770155241 | ||
| 040 | _aEG-CaGPL | ||
| 082 | 0 | 4 |
_221 _a968\ _bأ أ |
| 100 | 1 | _aأكسيلون ، اريك | |
| 245 | 1 | 0 |
_aاشهر الرحلات فى جنوب افريقيا / _cتحرير اريك أكسيلون ؛ ترجمة عبدالرحمن عبدالله الشيخ |
| 260 |
_aالقاهرة : _bالهيئة المصرية العامة للكتاب ، _c1998 . |
||
| 300 |
_a510 ص : _bايض ؛ _c24 سم . |
||
| 490 |
_aالالف كتاب الثانى : نافذة على الثقافة العالمية ؛ _v286 |
||
| 650 | 0 | 4 |
_aجنوب افريقيا _xتاريخ |
| 650 | 0 | 4 |
_aجنوب افريقيا _xوصف و رحلات |
| 700 | 0 |
_aعبدالرحمن عبدالله الشيخ _eمترجم |
|
| 942 |
_2ddc _cBK |
||
| 999 |
_c61124 _d61124 |
||